| 000 | 00513nam a2200229Ia 4500 | ||
|---|---|---|---|
| 003 | 0100 | ||
| 008 | 130303s9999 xx 000 0 und d | ||
| 040 | _cARRUPELIB | ||
| 050 | _aJC71.P6P317 | ||
| 100 | _aPlato | ||
| 245 | _aPlato's The Republic | ||
| 245 | _bnotes | ||
| 260 | _aLincoln | ||
| 260 | _bC.K. Hilegass | ||
| 260 | _C1963 | ||
| 300 | _a77p. | ||
| 300 | _b 23 cm | ||
| 440 | _aCliffs notes | ||
| 650 | _bFlaubert, Gustave | ||
| 700 | _aPatterson, Charles H. (ed.) | ||
| 942 |
_2lcc _014 |
||
| 999 |
_c62736 _d62736 |
||